00893cam a2200229 a 4500001000400000003001000004005001700014008004100031020001800072040002500090080002000115100004200135245017600177260003300353300002000386504002500406650005500431650006600486650003100552650003800583700004200621875BR-CuiBMT20231122025143.0230824s2015 prba 000 0 por d a9788599369289 aBR-CuiBMTcBR-CuiBMT 22007a351.712.21 aOliveira, Gustavo Justino de, d1970-10aContratação de serviços técnicos especializados por inexigibilidade de licitação pública /cGustavo Justino de Oliveira, Gustavo Henrique Carvalho Schiefler. aCuritiba :bZênite,c2015. a194 p. ;c21 cm aInclui bibliografia. aLicitações e contratosxDireito administrativo aContratação de obras e serviços xLicitaçãozBrasil aCompras públicaszBrasil aInexigibilidade de licitação 1 aSchiefler, Gustavo Henrique Carvalho